Skúšky odbornej spôsobilosti elektrotechnikov

Saved in:
Bibliographic Details
Main Author: Ďurďovič, Anton
Other Authors: Kremničan, Kazimír
Format: Book
Language:Slovak
Published: Bratislava Práca 1980
Edition:2. preprac. vyd.
Series:Knižnica bezpečnosti práce
Tags: Add Tag
No Tags, Be the first to tag this record!

MARC

LEADER 00000nam a2200000 4500
001 c140320
005 20050301104156.4
041 0 |a slo 
044 |a SK 
245 1 0 |a Skúšky odbornej spôsobilosti elektrotechnikov  |c Anton Ďurďovič, Kazimír Kremničan 
250 |a 2. preprac. vyd. 
264 1 |a Bratislava  |b Práca  |c 1980 
300 |a 276 s. 
490 1 |a Knižnica bezpečnosti práce 
830 0 |a Knižnica bezpečnosti práce 
100 1 |a Ďurďovič, Anton 
700 1 |a Kremničan, Kazimír